| 000 | 01023nam a22004090a 4500 | ||
|---|---|---|---|
| 001 | PT32470 | ||
| 003 | AR-LpoUNG | ||
| 005 | 20210131230000.0 | ||
| 008 | 191001s1998||||sp |||||||||||||||||spa d | ||
| 020 |
_a8428520909 _c$132.50 |
||
| 040 |
_aAR-LpoUNG _bspa _cAR-LpoUNG _eaacr |
||
| 041 | _aspa | ||
| 044 | _asp | ||
| 082 | 0 | _aR203 852atl | |
| 100 | 1 | _aDué, Andrea | |
| 245 | 1 | 0 | _aAtlas histórico del cristianismo |
| 250 | _a2§ edición | ||
| 260 |
_aMadrid : _bSan Pablo, _c1998. |
||
| 300 |
_a322 p. : _bil., mapas, gráfs. |
||
| 650 | 4 | _aAMERICA LATINA | |
| 650 | 4 | _aANALISIS HISTORICO | |
| 650 | 4 | _aASPECTOS POLITICOS | |
| 650 | 4 | _aATLAS | |
| 650 | 4 | _aCIENCIA | |
| 650 | 4 | _aCRISTIANISMO | |
| 650 | 4 | _aCRISTIANOS | |
| 650 | 4 | _aEUROPA | |
| 650 | 4 | _aIGLESIA CATOLICA | |
| 650 | 4 | _aLIBERTAD RELIGIOSA | |
| 650 | 4 | _aMATERIAL DE REFERENCIA | |
| 650 | 4 | _aPRACTICA RELIGIOSA | |
| 650 | 4 | _aRELIGION | |
| 651 | 4 | _aMundial | |
| 700 | 1 | _aLaboa, Juan María | |
| 905 | _a32470 | ||
| 942 | _cLSALA | ||
| 999 |
_c746 _d746 |
||